000
00379nam a22001697a 4500
003
MPLRDC
005
20220104142628.0
008
210129b ||||| |||| 00| 0 eng d
082
_a
868.71 Msa
100
_a
芒叟著
245
_a
椰风蕉雨录
_c
250
_a
初版
260
_a
_b
香港宏业书局
_c
1960
300
_b
平
650
_a
942
_c
BK
_o
868.71 Msa
999
_c
32420
_d
32410